Solventnosť II - nový systém regulácie v poisťovníctve

Dňa 25. novembra 2009 bola schválená smernica Európskeho parlamentu a Rady č. 2009/138/ES o začatí a vykonávaní poistenia a zaistenia – Solventnosť II, a tým bol položený základný kameň pre zavedenie harmonizovaného rizikovo orientovaného režimu regulácie a dohľadu v poisťovníctve vo všetkých člensk...

Ausführliche Beschreibung

Gespeichert in:
Bibliographische Detailangaben
Format: Buchkapitel
Sprache:Slowakisch
Schlagworte:
Tags: Tag hinzufügen
Keine Tags, Fügen Sie das erste Tag hinzu!

MARC

LEADER 00000naa a2200000 4500
001 0161757
005 20231116091702.0
041 0 |a slo 
044 |a SK 
245 1 0 |a Solventnosť II - nový systém regulácie v poisťovníctve 
520 |a Dňa 25. novembra 2009 bola schválená smernica Európskeho parlamentu a Rady č. 2009/138/ES o začatí a vykonávaní poistenia a zaistenia – Solventnosť II, a tým bol položený základný kameň pre zavedenie harmonizovaného rizikovo orientovaného režimu regulácie a dohľadu v poisťovníctve vo všetkých členských krajinách Európskej únie. 
610 2 0 |a dohľad nad finančným trhom 
610 2 0 |a regulácia finančná 
610 2 0 |a smernice 
610 2 0 |a Európsky parlament 
610 2 0 |a poistenie 
610 2 0 |a zaistenie 
610 2 0 |a harmonizácia 
610 2 0 |a Európska únia 
610 2 0 |a regulácia 
610 2 0 |a poisťovníctvo